Normal view
MARC view
- Luktuke U & Bhave S
Entry Personal Name
001 - CONTROL NUMBER
- control field: 214992
003 - CONTROL NUMBER IDENTIFIER
- control field: OSt
005 - DATE AND TIME OF LATEST TRANSACTION
- control field: 20251118114843.0
008 - FIXED-LENGTH DATA ELEMENTS
- fixed length control field: 251118|| aca||aabn | a|a d
040 ## - CATALOGING SOURCE
- Original cataloging agency: OSt
- Transcribing agency: OSt
100 ## - HEADING--PERSONAL NAME
- Personal name: Luktuke U & Bhave S
670 ## - SOURCE DATA FOUND
- Source citation: Work cat.: (OSt)87897: Luktuke U 214991, Man kara re prassanna, 2004